Anciens drapeaux #3 - Statistiques

Statistiques générales
  • Ce quiz a été pris 91 fois
  • Le résultat moyen est 6 sur 16
Statistiques - réponses
Par images Hint Réponse % Correct
Europe de l'Ouest 1830-1910 Portugal
81%
Afrique Centrale 1961-2001 Rwanda
75%
Europe du Nord 1814-1821 Norvège
73%
Europe Méditerranéenne 1567-1798 Malte
56%
Océanie 1965-1970 Papouasie-Nouvelle-Guinée
53%
Europe de l'Est 1400-1432 Moldavie
48%
Antilles 1811-1820 Royaume d'{Haïti}
44%
Moyen-Orient 1959-1963 Irak
36%
Amérique du Sud 1845-1860 Équateur
28%
Asie Centrale 1785-1920 Khanat de Boukhara (Ouzbékistan)
23%
Asie Centrale 1917-1922 Khanat de Khiva (Turkménistan)
23%
Asie du Sud-Est 1753-1884 Birmanie (Myanmar)
19%
Amérique du Sud 1959-1975 Guyane Néerlandaise (Suriname)
17%
Océanie 1887-1906 Nouvelles Hébrides (Vanuatu)
17%
Afrique de l'Ouest 1975-1992 Cap Vert
11%
Asie de l'Ouest 1747-1760 Perse Safavide (Azerbaïdjan)
11%
Aucun quiz correspondant
Distribution des résultats
% des personnes avec chaque résultat
Percentile par nombre de réponses
Votre historique - résultats
Vous n’avez pas pris ce quiz